Reports of rating appeals heard before The London and other quarter sessions, the Queen`s and King`s Bench Division, The Court of Appeal, and the House of Lords 1894-1904 (Record no. 86909)

MARC details
000 -LEADER
fixed length control field 00531cam a2200169 4500
001 - CONTROL NUMBER
control field D13803
008 - FIXED-LENGTH DATA ELEMENTS--GENERAL INFORMATION
fixed length control field 090401t1904 xxu||||| |||| 00| 0 eng d
035 ## - SYSTEM CONTROL NUMBER
System control number (Sirsi) u11765
041 ## - LANGUAGE CODE
Language code of text/sound track or separate title eng
100 ## - MAIN ENTRY--PERSONAL NAME
Personal name Ryde, Walter C
245 ## - TITLE STATEMENT
Title Reports of rating appeals heard before The London and other quarter sessions, the Queen`s and King`s Bench Division, The Court of Appeal, and the House of Lords 1894-1904
260 ## - PUBLICATION, DISTRIBUTION, ETC.
Place of publication, distribution, etc. London
Name of publisher, distributor, etc. Butterworth
Date of publication, distribution, etc. 1904
350 ## - PRICE (NR) (BK AM CF MU VM SE) [OBSOLETE]
Price 0
700 ## - ADDED ENTRY--PERSONAL NAME
Personal name Konstam, E.M.
942 ## - ADDED ENTRY ELEMENTS (KOHA)
Suppress in OPAC 0
948 ## - LOCAL PROCESSING INFORMATION (OCLC); SERIES PART DESIGNATOR (RLIN)
c (OCLC) 04/03/1997
Holdings
Withdrawn status Lost status Source of classification or shelving scheme Damaged status Not for loan Home library Current library Shelving location Date acquired Total Checkouts Full call number Barcode Date last seen Copy number Price effective from Koha item type
    Other/Generic Classification Scheme     London London Basement 14/09/1999   RESERVE SHELVES 30015149 06/08/2019 1 06/08/2019 Reference material